000 00468nam a2200181Ia 4500
001 16867
005 20260306170342.0
008 260306t2024||||xx |||||||||||||| ||und||
041 _aESP
082 _a657.2
_bS23
100 _aSánchez Arias, José Luis,
_eAUT
245 0 _aEl ABC del SIRE :
_bSistema Integrado de Registros Electrónicos
260 _c2024
300 _a269 páginas :
_c24 cm.
650 _aGEN
654 _aCCO
942 _cLIB
_dJUS
_fJUS
_2ddc
_n
999 _c16867
_d16867